Managerial Economics: (Record no. 186246)

MARC details
000 -LEADER
fixed length control field 00604nam a22001817a 4500
005 - DATE AND TIME OF LATEST TRANSACTION
control field 20220218151413.0
010 ## - LCCN (DPL NO)
LC control number ENG-131681
020 ## - INTERNATIONAL STANDARD BOOK NUMBER
International Standard Book Number 9789383959440
Terms of availability 243.00
035 ## - SYSTEM CONTROL NUMBER
System control number EN-115213
037 ## - SOURCE OF ACQUISITION
Source of stock number/acquisition DBAD
082 ## - DEWEY DECIMAL CLASSIFICATION NUMBER
Classification number 338.5024658
245 ## - TITLE STATEMENT
Title Managerial Economics:
Remainder of title I-BBA/I-Semester/
Statement of responsibility, etc R. Raj Gopal Naidu et.al.
260 ## - PUBLICATION, DISTRIBUTION, ETC. (IMPRINT)
Place of publication, distribution, etc Hyderabad
Name of publisher, distributor, etc Amaravati Publications
Date of publication, distribution, etc 2021
270 ## - ADDRESS
Address # 326/C, Level 3, Surneni Nilayam Near B K Guda Park, S R Nagar
City Hyderabad
Postal code 500038
300 ## - PHYSICAL DESCRIPTION
Extent viii, 280p.
Dimensions 24cm(pbk)
700 ## - ADDED ENTRY--PERSONAL NAME
Personal name Naidu, R. Raj Gopal
942 ## - ADDED ENTRY ELEMENTS (KOHA)
Source of classification or shelving scheme Dewey Decimal Classification
Item type English Books
Classification part 338.5024658
Call number suffix NAI
Holdings
Withdrawn status Lost status Not for loan Collection code Home library Current library Date acquired Source of acquisition Cost, normal purchase price Full call number Barcode Copy number Cost, replacement price Koha item type
      Non-fiction Central Library Central Library 18/02/2022 DBAD/PUB 243.00 338.5024658 MAN EN-115213 1 243.00 English Books

© Delhi Public Library
Hit Counter
free hit counter